| 000 | 00479nam a2200157 4500 | ||
|---|---|---|---|
| 001 | 136450 | ||
| 003 | ES-MaACL | ||
| 007 | t| | ||
| 008 | 070214s1973 fr r ||||1| fre d | ||
| 100 | 1 |
_aSadoul, Georges. _9101287 |
|
| 245 | 1 | 0 |
_aHistoire genérale du cinéma _b: l'invention du cinema : 1832-1897 / _cGeorges Sadoul. |
| 250 | _aed. rev. et aug. | ||
| 260 |
_aParis : _bDenoël, _c1973. |
||
| 300 |
_a446 p., 5 lám. : _bil. ; _c23 cm. |
||
| 852 |
_aES-MaACL _jE-5330 _bR.89669 |
||
| 999 |
_c136450 _d136450 |
||